Statistics for Municipalities of Gunma Prefecture

Click here to take the quiz!

General Stats

  • This quiz has been taken 70 times
  • The average score is 22 of 35

Answers on the Map

Answers color-coded by a green-red scale on the quiz's map according to % correct below.
 

Answer Stats

Answer% Correct
Maebashi 前橋
100%
Ota 太田
93%
Takasaki 高崎
93%
Isesaki 伊勢崎
81%
Kiryu 桐生
81%
Kusatsu 草津
81%
Fujioka 藤岡
74%
Minakami みなかみ
74%
Numata 沼田
74%
Shibukawa 渋川
74%
Naganohara 長野原
70%
Tatebayashi 館林
70%
Tomioka 富岡
70%
Annaka 安中
67%
Midori みどり
67%
Tsumagoi 嬬恋
67%
Kanna 神流
63%
Kanra 甘楽
63%
Nakanojo 中之条
63%
Tamamura 玉村
63%
Oizumi 大泉
59%
Shimonita 下仁田
59%
Katashina 片品
56%
Ora 邑楽
56%
Shinto 榛東
56%
Chiyoda 千代田
48%
Higashiagatsuma 東吾妻
48%
Itakura 板倉
48%
Kawaba 川場
48%
Meiwa 明和
48%
Showa 昭和
48%
Ueno 上野
44%
Yoshioka 吉岡
44%
Nanmoku 南牧
41%
Takayama 高山
41%

Score Distribution

Percentile by Number Answered

Percent of People with Each Score

Your Score History

You have not taken this quiz